The Jungle Book/ (Record no. 89713)

MARC details
000 -LEADER
fixed length control field 00832nam a22002297a 4500
005 - DATE AND TIME OF LATEST TRANSACTION
control field 20150424153421.0
010 ## - LCCN (DPL NO)
LC control number BAC-EN21 ENG-111681
020 ## - INTERNATIONAL STANDARD BOOK NUMBER
International Standard Book Number 9788129131058
Terms of availability 395.00
035 ## - SYSTEM CONTROL NUMBER
System control number EN-95213
035 ## - SYSTEM CONTROL NUMBER
System control number B-585437-447
037 ## - SOURCE OF ACQUISITION
Source of stock number/acquisition Asian Book Centre/Ven
Stock number dpl
037 ## - SOURCE OF ACQUISITION
Source of stock number/acquisition DBAD/PUB
082 ## - DEWEY DECIMAL CLASSIFICATION NUMBER
Classification number S
100 ## - MAIN ENTRY--PERSONAL NAME
Personal name Kipling, Rudyard
245 ## - TITLE STATEMENT
Title The Jungle Book/
Statement of responsibility, etc by Rudyard Kipling ; illustrated by the author'additional illustrations by Prabha Mallya ; introduction by Ruskin Bond
260 ## - PUBLICATION, DISTRIBUTION, ETC. (IMPRINT)
Place of publication, distribution, etc New Delhi
Name of publisher, distributor, etc Rain Light (Rupa)
Date of publication, distribution, etc 2014
270 ## - ADDRESS
Address 7/16, Ansari Road, Daryaganj,
City New Delhi
Postal code 110002
300 ## - PHYSICAL DESCRIPTION
Extent xi,199p. :
Dimensions 21cm(Hb)
Other physical details ill.
700 ## - ADDED ENTRY--PERSONAL NAME
Personal name Mallya, Prabha
942 ## - ADDED ENTRY ELEMENTS (KOHA)
Source of classification or shelving scheme Dewey Decimal Classification
Item type English Books
Call number suffix KIP
Classification part S
Holdings
Withdrawn status Lost status Not for loan Collection code Home library Current library Date acquired Source of acquisition Cost, normal purchase price Full call number Barcode Copy number Cost, replacement price Koha item type
      Fiction Andrews Gunj Andrews Gunj 24/04/2015 ABC/IN4468/15.12.2014/168/08.12.2014/30.12.2014 395.00 S KIP B-585444 1 395.00 English Books
      Fiction Central Library Central Library 24/04/2015 ABC/IN4468/15.12.2014/168/08.12.2014/30.12.2014 395.00 S KIP B-585437 1 395.00 English Books
    Not For Loan Fiction D.B.Act.Division D.B.Act.Division 19/01/2015 DBAD/PUB 395.00 S KIP EN-95213 1 395.00 English Books
      Fiction Janak Puri Janak Puri 24/04/2015 ABC/IN4468/15.12.2014/168/08.12.2014/30.12.2014 395.00 S KIP B-585441 1 395.00 English Books
      Fiction Karol Bagh Karol Bagh 24/04/2015 ABC/IN4468/15.12.2014/168/08.12.2014/30.12.2014 395.00 S KIP B-585446 1 395.00 English Books
      Fiction Kasturba Gandhi Marg Kasturba Gandhi Marg 24/04/2015 ABC/IN4468/15.12.2014/168/08.12.2014/30.12.2014 395.00 S KIP B-585439 1 395.00 English Books
      Fiction Narela Narela 24/04/2015 ABC/IN4468/15.12.2014/168/08.12.2014/30.12.2014 395.00 S KIP B-585447 1 395.00 English Books
      Fiction Patel Nagar Patel Nagar 24/04/2015 ABC/IN4468/15.12.2014/168/08.12.2014/30.12.2014 395.00 S KIP B-585438 1 395.00 English Books
      Fiction Peshwa Road Peshwa Road 24/04/2015 ABC/IN4468/15.12.2014/168/08.12.2014/30.12.2014 395.00 S KIP B-585440 1 395.00 English Books
      Fiction R.K.Puram-8 R.K.Puram-8 24/04/2015 ABC/IN4468/15.12.2014/168/08.12.2014/30.12.2014 395.00 S KIP B-585443 1 395.00 English Books
      Fiction Sarojini Nagar Sarojini Nagar 24/04/2015 ABC/IN4468/15.12.2014/168/08.12.2014/30.12.2014 395.00 S KIP B-585442 1 395.00 English Books
      Fiction Vinoba Puri Vinoba Puri 24/04/2015 ABC/IN4468/15.12.2014/168/08.12.2014/30.12.2014 395.00 S KIP B-585445 1 395.00 English Books

© Delhi Public Library
Hit Counter
free hit counter